000 00920nam a2200229Ii 4500
003 JO-AjNU
008 230605s9999||||xx |||||||||||||| ||und||
017 _a2006/253
020 _a99921- 70-30-1
040 _aJO-AjNU
_bara
_erda
_cJO-AjNU
041 _aara
050 1 4 _aHV 8079 2006
100 3 _aاعداد حنفي، ربيع,
_eauthor
_940936
245 0 0 _aمكافحة غسل الاموال : امانة وخلق : الدليل القيمي والمعرفي والارشادي لفريق مكافحة غسل الاموال وتمويل الارهاب
250 _aط1
264 3 1 _aالدوحة: المؤلف، 2006
300 _a305ص
_bيحتوي على ببلوغرافية من 301-305ص
336 _atext
_btxt
_2rdacontent
337 _aunmediated
_bn
_2rdamedia
338 _avolume
_bnc
_2rdacarrier
650 4 _aجرائم الاموال- غسيل الاموال - مكافحة - قطر
_940937
999 _aA17412
_c20980
_d20980